[Event "AUTO-INT-3950"]
[Site "http://www.queenalice.com/game.php?id=1867973"]
[Date "2026.1.15"]
[Round "2"]
[White "askasl159"]
[Black "Quanah4"]
[Result "1-0"]
[WhiteElo "1659"]
[BlackElo "1723"]

1. e4 c5 2. Nf3 g6 3. d4 cxd4 4. Nxd4 Bg7 5. Nc3 a6 6. Be3 e6 7. Bc4 Ne7 8. O-O
O-O 9. Qd2 d5 10. exd5 exd5 11. Bb3 Nbc6 12. Rfe1 b5 13. Nxc6 Nxc6 14. Qxd5 Qxd5
15. Bxd5 Bb7 16. Bc5 Rfe8 17. Bxc6 Bxc6 18. Re3 Rxe3 19. Bxe3 Rd8 20. Bb6 Re8
21. Rd1 Bxc3 22. bxc3 f5 23. f4 Re2 24. Bf2 Bd5 25. Rxd5 Rxc2 26. Bd4 Rxa2 27.
Rd8+ Kf7 28. Ra8 a5 29. Bc5 a4 30. Bb4 Rd2 31. c4 bxc4 32. Bxd2 1-0

[Event "Let's Play Chess!"]
[Site "http://www.queenalice.com/game.php?id=1871286"]
[Date "2026.4.1"]
[Round "-"]
[White "Quanah4"]
[Black "Capixabba789"]
[Result "1-0"]
[WhiteElo "1761"]
[BlackElo "1932"]

1. c4 e5 2. g3 f5 3. e3 Nf6 4. Bg2 Be7 5. Nc3 O-O 6. Nge2 c6 7. d4 e4 8. O-O d6
9. d5 cxd5 10. cxd5 Nbd7 11. Nd4 Ne5 12. h3 Nd3 13. f3 Ne5 14. fxe4 fxe4 15. Nb3
Bd7 16. Nxe4 Nxe4 17. Bxe4 Rxf1+ 18. Qxf1 Qc8 19. Bg2 Qc7 20. Bd2 Rf8 21. Qe2
Bf6 22. Rc1 Qd8 23. Bc3 a6 24. Nd2 Bb5 25. Qe1 Nd3 26. Qd1 Nxc1 27. Qxc1 Re8 28.
e4 Be5 29. Bxe5 Rxe5 30. Nb3 Qf6 31. Qf4 Qe7 32. Nd4 Bd7 33. Nf3 Rxe4 34. Qxe4
Qf6 35. Nd4 h6 36. a3 b5 37. b4 g6 38. Qe3 Kh7 39. Ne6 Qa1+ 40. Kh2 Qf6 41. Qf4
Qxf4 42. Nxf4 Kg7 43. Ne6+ Kf6 44. Nd4 Ke5 45. Nc6+ Kf6 46. g4 g5 47. Kg3 Kg7
48. Be4 Kf6 49. Kf3 Kg7 50. Nd4 Kf6 51. Nf5 Bxf5 52. Bxf5 Ke5 53. Be6 Kd4 54.
Ke2 Kc3 55. Bc8 Kb3 56. Bxa6 Kxa3 57. Bxb5 Kxb4 58. Bc6 Kc4 59. Ke3 Kc3 60. Ke4
Kd2 61. Kf5 1-0

[Event "Let's Play Chess!"]
[Site "http://www.queenalice.com/game.php?id=1871287"]
[Date "2026.4.1"]
[Round "-"]
[White "Capixabba789"]
[Black "Quanah4"]
[Result "1-0"]
[WhiteElo "1867"]
[BlackElo "1727"]

1. d4 f5 2. c4 Nf6 3. Nc3 b6 4. e3 Bb7 5. Nf3 d6 6. Bd3 g6 7. O-O Bg7 8. Bd2 O-O
9. Ne2 Bxf3 10. gxf3 e5 11. d5 c6 12. dxc6 Nxc6 13. Ng3 Rc8 14. Bc3 Qc7 15. Rc1
Rfe8 16. Bc2 Rcd8 17. Qe1 d5 18. cxd5 Nxd5 19. Bb3 Kh8 20. Bd2 Qd7 21. Kh1 a5
22. Bc4 Nf6 23. Bc3 e4 24. f4 Ng4 25. h3 Nh6 26. Bxg7+ Kxg7 27. Bb5 Rc8 28. Qc3+
Kf8 29. Bxc6 Qd6 30. Qh8+ Ke7 31. Qxh7+ Nf7 32. Bxe8 Rxe8 33. Qg7 Qd8 34. Qxg6
Nd6 35. Nxf5+ Nxf5 36. Qxf5 Rf8 37. Qxe4+ Kf7 38. Qh7+ Kf6 39. Rc6+ 1-0

[Event "AUTO-INT-3955"]
[Site "http://www.queenalice.com/game.php?id=1871693"]
[Date "2026.4.8"]
[Round "2"]
[White "zmanomega"]
[Black "Quanah4"]
[Result "0-1"]
[WhiteElo "1495"]
[BlackElo "1784"]

1. e4 c5 2. Bc4 g6 3. e5 d5 4. exd6 exd6 5. Qf3 Be6 6. Qe3 d5 7. Bb5+ Nc6 8. b3
Bg7 9. c3 Ne7 10. Qxc5 Rc8 11. Qe3 O-O 12. Qg3 Nf5 13. Qd3 Ne5 14. Qc2 a6 15.
Be2 d4 16. d3 b5 17. b4 Nd7 18. c4 bxc4 19. a4 c3 20. Bf4 Nb6 21. Nf3 Nd5 22. b5
Nxf4 23. Rg1 Nxe2 24. Kxe2 Re8 25. h3 Bb3+ 0-1

[Event "AUTO-INT-3955"]
[Site "http://www.queenalice.com/game.php?id=1871694"]
[Date "2026.4.8"]
[Round "2"]
[White "Quanah4"]
[Black "game"]
[Result "1-0"]
[WhiteElo "1715"]
[BlackElo "1612"]

1. c4 d6 2. g3 Bf5 3. Bg2 Nc6 4. e3 Nb4 5. Qa4+ Nc6 6. d4 Bd7 7. Qc2 e5 8. d5
Na5 9. b3 Qc8 10. Bd2 Bf5 11. e4 Bg4 12. Bxa5 Nf6 13. Bd2 c6 14. Nc3 Be7 15. f3
Bd7 16. Bg5 O-O 17. Bxf6 Bxf6 18. Nge2 cxd5 19. Nxd5 b5 20. Rc1 Bg5 21. O-O Bxc1
22. Ne7+ Kh8 23. Nxc8 Be3+ 24. Kh1 Raxc8 25. Qd3 Bb6 26. Qxd6 Rcd8 27. Qxe5 bxc4
28. bxc4 Rc8 29. Rd1 Ba4 30. Rd3 Rxc4 31. Nc3 Bc2 32. Rd7 Ba4 33. Rxf7 Rg8 34.
Bf1 Bd4 35. Qd5 Rxc3 36. Qxd4 Rc1 37. Kg2 Rc2+ 38. Kh3 Be8 39. Rxa7 h5 40. Bc4
Rf8 41. Qxg7# 1-0

[Event "AUTO-INT-3955"]
[Site "http://www.queenalice.com/game.php?id=1871695"]
[Date "2026.4.8"]
[Round "2"]
[White "game"]
[Black "Quanah4"]
[Result "0-1"]
[WhiteElo "1583"]
[BlackElo "1729"]

1. e4 c5 2. Nf3 g6 3. Bc4 Bg7 4. Ng5 e6 5. Qf3 Qxg5 6. O-O Qd8 7. Nc3 Nc6 8. d3
Nge7 9. Bg5 Ne5 10. Qe3 b6 11. f4 Nxc4 12. dxc4 Bb7 13. f5 f6 14. Bh6 O-O 15.
fxg6 Nxg6 16. Rad1 Qe7 17. Nb5 d5 18. cxd5 exd5 19. Rfe1 d4 20. Qd2 a6 21. Na3
Rae8 22. Nc4 Bxh6 23. Qxh6 Qg7 24. Qxg7+ Kxg7 25. Nd6 Re7 26. Nf5+ Kg8 27. Nxe7+
Nxe7 28. Rd3 Re8 29. Rg3+ Ng6 30. e5 fxe5 31. Rg5 e4 32. Rf5 e3 33. Re2 Kh8 34.
Rf6 b5 35. Rf7 Bd5 36. Rf5 Re5 37. Rf7 Bxf7 38. g3 c4 39. Kg2 d3 40. cxd3 cxd3
41. Re1 Bxa2 42. Ra1 Bd5+ 43. Kh3 e2 44. b4 e1=Q 0-1

[Event "AUTO-INT-3955"]
[Site "http://www.queenalice.com/game.php?id=1871696"]
[Date "2026.4.8"]
[Round "2"]
[White "Quanah4"]
[Black "juim"]
[Result "1-0"]
[WhiteElo "1754"]
[BlackElo "1526"]

1. c4 d5 2. cxd5 Qxd5 3. Nf3 Bg4 4. Nc3 Qd8 5. Qa4+ Nc6 6. Qxg4 e6 7. Qa4 Bd6 8.
Nd4 Qd7 9. Nxc6 bxc6 10. e3 Nf6 11. g3 O-O 12. Bg2 Ng4 13. Qxg4 Bb4 14. Qxb4
Rad8 15. d4 e5 16. O-O exd4 17. exd4 f5 18. Bf4 Rb8 19. Qc4+ Kh8 20. Rad1 Rxb2
21. Qxc6 Qc8 22. Qxc7 Qxc7 23. Bxc7 h6 24. Be5 Rc8 25. d5 Rb7 26. d6 Rd7 27. Rc1
a5 28. a4 Rb8 29. Nb5 Rf8 30. f4 Kh7 31. Rc7 Rdf7 32. Bd5 Rxc7 33. dxc7 Re8 34.
Rc1 1-0

[Event "AUTO-INT-3955"]
[Site "http://www.queenalice.com/game.php?id=1871697"]
[Date "2026.4.8"]
[Round "2"]
[White "juim"]
[Black "Quanah4"]
[Result "0-1"]
[WhiteElo "1538"]
[BlackElo "1788"]

1. e4 c5 2. Bc4 g6 3. Nf3 Bg7 4. Ng5 e6 5. O-O Qxg5 6. Qf3 Qf6 7. Qg3 Qd8 8. d3
Ne7 9. Nc3 Nbc6 10. Bf4 a6 11. Bc7 Be5 12. Bxe5 Nxe5 13. Bb3 d6 14. f3 O-O 15.
f4 N5c6 16. h3 Nd4 17. e5 Nef5 18. Qf2 d5 19. Ba4 b5 20. Bb3 c4 21. dxc4 dxc4
22. Bxc4 bxc4 23. Na4 Qc7 24. c3 Nb5 25. Nb6 Rb8 26. Na4 Bb7 27. b3 Bd5 28. b4
Rfd8 29. Nb2 Nxc3 30. a3 Nb5 31. g4 Nfd4 32. a4 Nb3 33. axb5 Nxa1 34. Rxa1 Qb6
35. bxa6 Qxf2+ 36. Kxf2 Rxb4 37. Na4 Ra8 38. Nc5 c3 39. Nd3 Rc4 40. a7 Rc7 41.
Rc1 Raxa7 42. Ke3 c2 43. Kd2 Bb3 44. Nb4 Rd7+ 45. Kc3 Rd1 46. Rxc2 Bxc2 47. Kxc2
Rh1 0-1

[Event "Let's Play Chess!"]
[Site "http://www.queenalice.com/game.php?id=1873010"]
[Date "2026.5.7"]
[Round "-"]
[White "Capixabba789"]
[Black "Quanah4"]
[Result "0-1"]
[WhiteElo "1818"]
[BlackElo "1794"]

1. d4 d5 2. Nc3 e6 3. f4 c5 4. dxc5 Bxc5 5. Nf3 Nf6 6. e3 Nc6 7. Bd3 O-O 8. O-O
a6 9. Kh1 b5 10. Ne2 Bb7 11. Bd2 Qc7 12. Ng3 Rac8 13. e4 dxe4 14. Nxe4 Be7 15.
Rb1 Rfd8 16. Qe1 h6 17. Ne5 Nxe5 18. fxe5 Nxe4 19. Bxe4 Bxe4 20. Bxh6 gxh6 21.
Qxe4 Qxc2 22. Qf4 Qg6 23. Rbe1 Rc4 24. h3 Rxf4 0-1

[Event "AUTO-ADV-4935"]
[Site "http://www.queenalice.com/game.php?id=1873138"]
[Date "2026.5.8"]
[Round "1"]
[White "pomar"]
[Black "Quanah4"]
[Result "0-1"]
[WhiteElo "1812"]
[BlackElo "1825"]

1. f3 c5 2. Kf2 g6 3. e3 Bg7 4. c4 e6 5. d4 cxd4 6. exd4 d5 7. Nc3 Nc6 8. Be3
Nge7 9. cxd5 exd5 10. Bb5 O-O 11. Nge2 a6 12. Bxc6 Nxc6 13. Qb3 b6 14. Qxd5 Qc7
15. Ne4 Be6 16. Qd6 Qxd6 17. Nxd6 Rfd8 18. Ne4 b5 19. Rhd1 Rd7 20. Nc5 Re7 21.
Rac1 Bxa2 22. Ra1 Bc4 23. Rxa6 Rxa6 24. Nxa6 Bxe2 25. Rd2 Bc4 26. Nc5 Bd5 27.
Nd3 Nxd4 28. Nb4 Rxe3 29. Nxd5 Re6 30. Nc3 b4 31. Ne4 Rc6 32. Ke3 f5 33. Rxd4
Bxd4+ 34. Kxd4 fxe4 35. fxe4 Kf7 36. Kd5 Rc2 37. b3 Rxg2 38. Kc4 Rxh2 39. Kxb4
Rh4 40. Kc5 Rxe4 41. b4 h5 42. b5 Re2 43. b6 h4 44. b7 Rb2 45. Kc6 h3 46. Kc7 h2
47. b8=Q Rxb8 0-1

[Event "AUTO-ADV-4935"]
[Site "http://www.queenalice.com/game.php?id=1873139"]
[Date "2026.5.8"]
[Round "1"]
[White "Quanah4"]
[Black "pomar"]
[Result "1-0"]
[WhiteElo "1802"]
[BlackElo "1866"]

1. c4 e6 2. g3 c5 3. Bg2 Nc6 4. e3 d5 5. cxd5 exd5 6. Nc3 d4 7. Bxc6+ bxc6 8.
exd4 cxd4 9. Nce2 d3 10. Nf4 Bf5 11. Nf3 Qe7+ 12. Kf1 O-O-O 13. b3 Qd7 14. Ne5
Qc7 15. Bb2 f6 16. Nxc6 Qxc6 17. Rc1 Bc5 18. f3 g5 19. b4 gxf4 20. Rxc5 Bh3+ 21.
Kf2 Qxc5+ 22. bxc5 fxg3+ 23. hxg3 Bd7 24. Re1 Bc6 25. Qb3 a6 26. Qe6+ Kb7 27. g4
Rd5 28. f4 Nh6 29. Qxf6 Nxg4+ 30. Kf3 Nxf6 31. Re7+ Ka8 32. Bxf6 Rxc5+ 33. Ke3
Rb8 34. Kxd3 Bb5+ 35. Ke3 Re8 36. Kd4 Rc4+ 37. Kd5 Rxf4 38. Rxe8+ Kb7 39. Re7+
Kc8 40. Be5 Rh4 41. Rc7+ Kd8 42. Rc2 Rh5 43. d4 Rg5 44. Ke4 h5 45. Bf6+ 1-0

[Event "AUTO-ADV-4935"]
[Site "http://www.queenalice.com/game.php?id=1873155"]
[Date "2026.5.8"]
[Round "1"]
[White "dimitridruloza2012"]
[Black "Quanah4"]
[Result "1-0"]
[WhiteElo "1914"]
[BlackElo "1857"]

1. g3 c5 2. Bg2 e6 3. b3 Be7 4. Bb2 Nf6 5. Nc3 d5 6. Nf3 Nc6 7. e3 O-O 8. Ng5 a6
9. Ne2 h6 10. Nf3 b5 11. Ne5 Qc7 12. Nxc6 Qxc6 13. Nc3 Bb7 14. Qe2 Rad8 15. a4
b4 16. Nd1 Qd6 17. f4 Qd7 18. Nf2 Rfe8 19. Ng4 Nxg4 20. Qxg4 f6 21. O-O-O e5 22.
Qh5 e4 23. Bh3 Qc6 24. g4 Rf8 25. g5 fxg5 26. Rhg1 Qe8 27. Be6+ Kh8 28. Qg4 Bc8
29. Bxc8 Rxc8 30. h4 Qg6 31. Qd7 Qd6 32. Qg4 Qg6 33. hxg5 hxg5 34. Qh3+ Qh6 35.
Qd7 Qd6 36. Qg4 Qg6 37. Rh1+ Kg8 38. Rh5 Qf5 39. Qg3 Qg6 40. Rdh1 Kf7 41. Rh7
Rg8 42. Qg4 gxf4 43. Qxf4+ Ke8 44. Be5 Bf6 45. R1h5 Qg1+ 46. Kb2 Qg6 47. Bxf6
Qxf6+ 48. Re5+ Kf8 49. Qxf6+ gxf6 50. Ree7 1-0

[Event "AUTO-INT-3944"]
[Site "http://www.queenalice.com/game.php?id=1873796"]
[Date "2026.5.21"]
[Round "2"]
[White "Quanah4"]
[Black "renet54"]
[Result "1-0"]
[WhiteElo "1811"]
[BlackElo "1510"]

1. c4 Nf6 2. g3 Nc6 3. Bg2 e5 4. Nc3 Bc5 5. e3 O-O 6. Nge2 d6 7. a3 Bf5 8. d4
exd4 9. exd4 Nxd4 10. Nxd4 Re8+ 11. Nde2 Qd7 12. O-O Rad8 13. b4 Bb6 14. Bxb7
Bh3 15. Bg2 Bxg2 16. Kxg2 Qc6+ 17. f3 Qxc4 18. Bg5 Re6 19. Rc1 Rxe2+ 20. Nxe2
Re8 21. Rxc4 1-0

[Event "AUTO-INT-3944"]
[Site "http://www.queenalice.com/game.php?id=1873797"]
[Date "2026.5.21"]
[Round "2"]
[White "renet54"]
[Black "Quanah4"]
[Result "0-1"]
[WhiteElo "1510"]
[BlackElo "1815"]

1. d4 d5 2. Bf4 e6 3. Nf3 Nf6 4. e3 c5 5. c3 c4 6. Be2 g6 7. O-O Nc6 8. Bg5 Bg7
9. Nbd2 O-O 10. Ne5 Qc7 11. Bxf6 Bxf6 12. Ng4 Bg7 13. h3 Re8 14. Nh2 f6 15. Ng4
e5 16. dxe5 fxe5 17. Qc2 e4 18. f3 Bf5 19. fxe4 dxe4 20. Nxc4 Rad8 21. Qb3 Be6
22. Qc2 h5 23. Qxe4 Bxg4 24. Qxg6 Bxe2 25. Rf2 Bxc4 26. Qxh5 Rf8 27. Rxf8+ Rxf8
28. Qg4 Ne5 0-1